Datum a čas kvízu
36
Celkem bodů
Celkový počet nahraných bodů na tomto kvízu bez doplňovacích otázek.
1.
Pořadí na kvízu
Konečné umístění týmu na tomto kvízu.
Zaznamenané odpovědi
| # | Otázka | Odpověď | Body | Výsledky |
|---|---|---|---|---|
| 1. | Premiér Fiala se při své návšt... | Horáková | 1 | |
| 2. | Parlament jednoho evropského s... | Spojené království (Velká Británie) | 1 | |
| 3. | Ve čtvrtek proběhlo předávání... | Hella, Alena Machoninová | 1 | |
| 4. | Automobilka Alfa Romeo se rozh... | Milano | 1 | |
| 5. | 21letý litevský reprezentant M... | C) hod diskem | 1 | |
| 6. | Jihoafrická republika má de fa... | Kapské město; Bloemfontein | 1 | |
| 7. | Chemický prvek hafnium dostal... | o Kodaň | 1 | |
| 8. | Zatímco některé země mají hlav... | o Nauru | 1 | |
| 9. | Které malebné hlavní město lež... | Tallinn | 0 | |
| 10. | Napište, které hlavní město (s... | Reykjavík; Wellington | 0.5 |